Famous...Yet Common Surnames Quiz Stats

 Plays Quiz Updated Jul 13, 2018

Challenge
Share
Tweet
Embed
Score 0/50 Timer 08:00
4 Plays Today
First Names Surname % Correct
Venus or TennesseeWilliams
93.9%
Samuel L. or JesseJackson
84.2%
Flip or WoodrowWilson
83.6%
Michael or LyndonJohnson
82.2%
Dudley or DemiMoore
81%
Sammy or MilesDavis
78.7%
Quincy or StarJones
78.5%
Orville or Frank LloydWright
68.9%
Jackie or SmokeyRobinson
68.7%
Cy or BrighamYoung
63.4%
Dean or RickyMartin
62.6%
Tina or TedTurner
61.7%
Ozzie or ReggieSmith
61.2%
Bruce or AngLee
60.6%
Elizabeth or ZacharyTaylor
60.5%
Naomi or NeveCampbell
58.7%
Benny or FaithHill
58.2%
Betty or BarryWhite
57.3%
Molly or FoxyBrown
54.3%
Emmylou or NeilHarris
52.8%
Ansel or AbigailAdams
49%
Joni or MargaretMitchell
49%
Willard or George C.Scott
48.5%
Meriwether or JerryLewis
46.5%
Hunter or EmmaThompson
46.4%
First Names Surname % Correct
Trini or MarioLopez
45.5%
Loni or LouieAnderson
45.2%
Oral or CokieRoberts
45.2%
Alex or Chi ChiRodriguez
43.9%
Al or SethGreen
43.8%
Stone or MackenziePhillips
42.6%
Willie or RickyNelson
40.8%
A. or PedroMartinez
39%
Glenn or MitchMiller
38.2%
Carole or LarryKing
37.6%
Danny or MarloThomas
37.5%
Dixie or NellCarter
33.9%
Elian or TonyGonzalez
33.3%
Jerry or AndyGarcia
31.2%
Anita or JosephineBaker
26.8%
Ethan or GracieAllen
25.8%
Deidre or DarylHall
23.6%
Manny or DaniaRamirez
23.4%
Dick or RoyClark
20.4%
Dale or BobEvans
16.5%
Rosie or AmandaPerez
16.4%
Alice or JimmieWalker
14.4%
Keith or OrlandoHernandez
11.7%
Fernando or DaraTorres
6.9%
Roselyn or MarkSanchez
6.7%

You're not logged in!

Compare scores with friends on all Sporcle quizzes.
Join for Free
OR
Log In

You Might Also Like...

Show Comments

Extras

Top Quizzes Today


Score Distribution

Your Account Isn't Verified!

In order to create a playlist on Sporcle, you need to verify the email address you used during registration. Go to your Sporcle Settings to finish the process.

Report this User

Report this user for behavior that violates our Community Guidelines.

Details: